Human rights of the non-citizen (Record no. 6551)

MARC details
000 -LEADER
fixed length control field 00806 a2200205 4500
005 - DATE AND TIME OF LATEST TRANSACTION
control field 20080901161548.0
008 - FIXED-LENGTH DATA ELEMENTS--GENERAL INFORMATION
fixed length control field 080901t xxu||||| |||| 00| 0 eng d
010 ## - LIBRARY OF CONGRESS CONTROL NUMBER
LC control number ENG-87478
020 ## - INTERNATIONAL STANDARD BOOK NUMBER
Terms of availability 1450.00
International Standard Book Number 8176299146
035 ## - SYSTEM CONTROL NUMBER
System control number EN-71011
037 ## - SOURCE OF ACQUISITION
Source of stock number/acquisition D.B.Act / Pub
082 ## - DEWEY DECIMAL CLASSIFICATION NUMBER
Classification number 340.112
100 ## - MAIN ENTRY--PERSONAL NAME
Personal name Bandyopadhyay, Rathin
245 ## - TITLE STATEMENT
Title Human rights of the non-citizen
Statement of responsibility, etc by Rathin Bandyopadhyay
Remainder of title law and reality
260 ## - PUBLICATION, DISTRIBUTION, ETC. (IMPRINT)
Place of publication, distribution, etc New Delhi
Name of publisher, distributor, etc Deep & Deep Publications
Date of publication, distribution, etc 2007
300 ## - PHYSICAL DESCRIPTION
Extent xlix, 582 p.
Dimensions 22 cm. (Hb).
500 ## - GENERAL NOTE
General note Includes bibliographical references and index
942 ## - ADDED ENTRY ELEMENTS (KOHA)
Institution code [OBSOLETE] dpl
Koha item type English Books
Call number prefix 340.112 / BAN
Source of classification or shelving scheme Dewey Decimal Classification
Classification part 340.112
Call number suffix BAN
Holdings
Withdrawn status Lost status Damaged status Not for loan Home library Current library Date acquired Cost, normal purchase price Total Checkouts Full call number Barcode Date last seen Copy number Uniform Resource Identifier Cost, replacement price Price effective from Koha item type
        D.B.Act.Division D.B.Act.Division 01/09/2008 1450.00   340.112 BAN EN-71011 15/09/2008 1 7045 1450.00 15/09/2008 English Books

© Delhi Public Library
Hit Counter
free hit counter